| 000 | 00000nam##2200000za#4500 |
| 001 | 9.578817 |
| 003 | CaOODSP |
| 005 | 20210624190250 |
| 007 | cr ||||||||||| |
| 008 | 150406|2006||||xxc|||||o f|0| 0 eng|d |
| 022 | |a1488-5387 |
| 040 | |aCaOODSP|beng |
| 043 | |an-cn--- |
| 086 | 1 |aFs97-4/2019-1E-PDF |
| 110 | 1 |aCanada. |bDepartment of Fisheries and Oceans. |
| 245 | 10|aHerring spawning areas of British Columbia : |h[electronic resource]|ba review, geographic analysis and classification / |cby D. E. Hay and P. B. McCarter. |
| 250 | |aRevised edition |
| 260 | |aNanaimo - British Columbia : |bFisheries and Oceans Canada |cc2006. |
| 300 | |a17p.|breferences, tables |
| 490 | 1 |aCanadian manuscript report of fisheries and aquatic sciences|x1488-5387|vNo. 2019 |
| 546 | |a(Résumés en français) |
| 590 | |a14-04-Supp|b2014-02-05 |
| 830 | #0|aCanadian manuscript report of fisheries and aquatic sciences,|x1488-5387|vNo. 2019|w(CaOODSP)9.505211 |
| 856 | 40|ahttp://publications.gc.ca|qPDF|s205 KB|uhttps://publications.gc.ca/collections/collection_2014/mpo-dfo/Fs97-4-2019-1-eng.pdf|yNo. 2019 |